[Event "Fredericia WIM 2019"]
[Site "Fredericia"]
[Date "2019.06.02"]
[Round "9.10"]
[White "Sucikova, Svetlana"]
[Black "Kakulidis, Ellen"]
[Result "1-0"]
[WhiteElo "2110"]
[BlackElo "2014"]
[Annotator "ChessBase"]
[PlyCount "115"]
[EventDate "2019.05.29"]
[EventType "tourn"]
[EventCountry "DEN"]
[SourceTitle "playchess.com"]
[Source "ChessBase"]
[SourceQuality "1"]
[TimeControl "40/5400+30:1800+30"]

1. Nf3 {[%emt 0:00:01]} d5 {[%emt 0:00:00]} 2. e3 {[%emt 0:00:46]} e6 {[%emt 0:00:00]} 3. c4 {[%emt 0:01:08]} Nf6 {[%emt 0:00:00]} 4. Nc3 {[%emt 0:00:56]} a6 {[%emt 0:01:42]} 5. d4 {[%emt 0:03:30]} b6 {[%emt 0:05:57]} 6. b3 {[%emt 0:02:18]} Bd6 {[%emt 0:00:11]} 7. Bd3 {[%emt 0:01:57]} Bb7 {[%emt 0:00:41]} 8. O-O {[%emt 0:02:23]} O-O {[%emt 0:00:52]} 9. Bb2 {[%emt 0:03:52]} Nbd7 {[%emt 0:15:31]} 10. h3 {[%emt 0:04:13]} Ne4 {[%emt 0:00:50]} 11. Ne2 {[%emt 0:08:50]} Qe7 {[%emt 0:09:11]} 12. Qc2 {[%emt 0:01:51]} f5 {[%emt 0:03:36]} 13. Ne5 {[%emt 0:02:16]} Bxe5 {[%emt 0:13:14]} 14. dxe5 {[%emt 0:00:27]} Nec5 {[%emt 0:02:41]} 15. cxd5 {[%emt 0:06:21]} Nxd3 {[%emt 0:02:58]} 16. Qxd3 {[%emt 0:01:35]} Bxd5 {[%emt 0:02:50]} 17. Nf4 {[%emt 0:00:07]} c6 {[%emt 0:05:46]} 18. Rac1 {[%emt 0:05:28]} g5 {[%emt 0:01:23]} 19. Nxd5 {[%emt 0:00:50]} cxd5 {[%emt 0:00:39]} 20. Rc6 {[%emt 0:00:12]} Nc5 {[%emt 0:00:59]} 21. Qe2 {[%emt 0:06:06]} Rab8 {[%emt 0:08:15]} 22. Ba3 {[%emt 0:01:09]} Qb7 {[%emt 0:00:54]} 23. Rd6 {[%emt 0:06:08]} Rfe8 {[%emt 0:01:03]} 24. Bxc5 {[%emt 0:00:59]} bxc5 {[%emt 0:00:06]} 25. Rxa6 {[%emt 0:00:45]} c4 {[%emt 0:02:41]} 26. Rd6 {[%emt 0:00:46]} cxb3 {[%emt 0:00:07]} 27. axb3 {[%emt 0:00:02]} Qxb3 {[%emt 0:04:12]} 28. Qh5 {[%emt 0:00:07]} Qb7 {[%emt 0:00:10]} 29. Qxg5+ {[%emt 0:03:12]} Qg7 {[%emt 0:00:05]} 30. Qxg7+ {[%emt 0:02:00]} Kxg7 {[%emt 0:02:10]} 31. Rd7+ {[%emt 0:00:07]} Kg6 {[%emt 0:00:32]} 32. Rc1 {[%emt 0:00:13]} Rbd8 {[%emt 0:06:26]} 33. Rxd8 {[%emt 0:00:16]} Rxd8 {[%emt 0:00:04]} 34. Rc7 {[%emt 0:00:05]} f4 {[%emt 0:07:56]} 35. exf4 {[%emt 0:01:56]} Kf5 {[%emt 0:00:06]} 36. g3 {[%emt 0:01:03]} Ke4 {[%emt 0:00:31]} 37. Kf1 {[%emt 0:05:15]} h5 {[%emt 0:02:51]} 38. Rc6 {[%emt 0:02:51]} Re8 {[%emt 0:01:07]} 39. Ke2 {[%emt 0:00:08]} h4 {[%emt 0:00:16]} 40. Ra6 {[%emt 0:01:53]} Kf5 {[%emt 0:00:53]} 41. Kf3 {[%emt 0:30:33]} hxg3 {[%emt 0:02:41]} 42. fxg3 {[%emt 0:00:00]} Kg6 {[%emt 0:00:06]} 43. g4 {[%emt 0:00:00]} Kf7 {[%emt 0:00:12]} 44. Ra7+ {[%emt 0:00:00]} Kg8 {[%emt 0:01:26]} 45. Rd7 {[%emt 0:00:00]} Ra8 {[%emt 0:00:24]} 46. g5 {[%emt 0:00:00]} Ra1 {[%emt 0:00:39]} 47. Kg4 {[%emt 0:00:00]} Rg1+ {[%emt 0:00:31]} 48. Kh5 {[%emt 0:00:00]} Rf1 {[%emt 0:00:06]} 49. Kg6 {[%emt 0:00:00]} Kf8 {[%emt 0:00:04]} 50. h4 {[%emt 0:00:00]} Rxf4 {[%emt 0:00:18]} 51. h5 {[%emt 0:00:00]} Ke8 {[%emt 0:02:35]} 52. Ra7 {[%emt 0:00:00]} d4 {[%emt 0:01:23]} 53. h6 {[%emt 0:00:00]} Rh4 {[%emt 0:00:23]} 54. h7 {[%emt 0:00:00]} d3 {[%emt 0:00:23]} 55. h8=Q+ {[%emt 0:00:00]} Rxh8 {[%emt 0:00:10]} 56. Ra8+ {[%emt 0:00:00]} Ke7 {[%emt 0:00:14]} 57. Rxh8 {[%emt 0:00:00]} d2 {[%emt 0:00:06]} 58. Rh1 {[%emt 0:00:00]} 1-0